Military education benefits for college (Record no. 132398)
[ view plain ]
| 000 -LEADER | |
|---|---|
| fixed length control field | 01789nam a2200421 a 4500 |
| 082 04 - DEWEY DECIMAL CLASSIFICATION NUMBER | |
| Classification number | 378.3/2 |
| 100 1# - MAIN ENTRY--AUTHOR NAME | |
| Personal name | Renza, David J. |
| 245 10 - TITLE STATEMENT | |
| Title | Military education benefits for college |
| 250 ## - EDITION STATEMENT | |
| Edition statement | 1st ed. |
| 260 ## - PUBLICATION, DISTRIBUTION, ETC. (IMPRINT) | |
| Place of publication | El Dorado Hills, Calif. : |
| Name of publisher | Savas Beatie, |
| Year of publication | c2010. |
| 300 ## - PHYSICAL DESCRIPTION | |
| Number of Pages | ix, 181 p. : |
| Other physical details | ill. |
| 650 #0 - SUBJECT ADDED ENTRY--TOPICAL TERM | |
| Topical Term | Soldiers |
| Topical Term | Veterans |
| Topical Term | Military dependents |
| Topical Term | Soldiers |
| Topical Term | Veterans |
| Topical Term | Military dependents |
| Topical Term | Student aid |
| 700 1# - ADDED ENTRY--PERSONAL NAME | |
| Personal name | Lizotte, Edmund J. |
| 856 40 - ELECTRONIC LOCATION AND ACCESS | |
| Uniform Resource Identifier | http://site.ebrary.com/lib/rucke/Doc?id=10498901 |
No items available.
